| 000 | 00760nam a2200205 a 4500 | ||
|---|---|---|---|
| 001 | 000044224 | ||
| 005 | 20201002045228.0 | ||
| 008 | 140610s2012 cl 000 0 spa d | ||
| 020 | _a9789584229953 | ||
| 040 |
_aDO-SdBNP _bspa _cBNPHU |
||
| 100 | 1 |
_aGuadarrama González, Pablo. _972225 |
|
| 245 | 1 | 0 |
_aPensamiento filosófico latinoamericano : _bhumanismo, método e historia / _cPablo Guadarrama González ; prólogo. |
| 260 |
_aBogotá : _bUniversidad Católica de Colombia, _c2012. |
||
| 300 |
_av. ; _c24 cm. |
||
| 490 | 1 |
_aDe sur a sur _v1 |
|
| 505 | 0 |
_av. 2 _tHumanismo, método e historia -- |
|
| 504 | _aIncluye referencias bibliográficas y notas al pie de las páginas | ||
| 504 | _aBibliografía : p. 409 -430 | ||
| 830 | 0 |
_aDe sur a sur _v1 _972229 |
|
| 999 |
_c43713 _d43713 |
||